Inputs and process: an inside view (Record no. 59580)

000 -LEADER
fixed length control field 00798pab a2200169 454500
008 - FIXED-LENGTH DATA ELEMENTS--GENERAL INFORMATION
fixed length control field 180718b2004 xxu||||| |||| 00| 0 eng d
100 ## - MAIN ENTRY--PERSONAL NAME
Personal name Kulkarni, Sumati
245 ## - TITLE STATEMENT
Title Inputs and process: an inside view
260 ## - PUBLICATION, DISTRIBUTION, ETC.
Date of publication, distribution, etc. 2004
300 ## - PHYSICAL DESCRIPTION
Extent p.652-63.
362 ## - DATES OF PUBLICATION AND/OR SEQUENTIAL DESIGNATION
Dates of publication and/or sequential designation 14 Feb
520 ## - SUMMARY, ETC.
Summary, etc. NFHS-2 was launched in November 1998, covering a representative sample of more than 90,000 women from 26 states in India and was completed by June 1999, except for Tripura which completed fieldwork in July 2000. The all-India report was released in October 2000. This article goes down memory lane throwing light on the whole process, the problems and the successes. - Reproduced.
650 ## - SUBJECT ADDED ENTRY--TOPICAL TERM
Topical term or geographic name entry element Health services - India
650 ## - SUBJECT ADDED ENTRY--TOPICAL TERM
Topical term or geographic name entry element Health services
773 ## - HOST ITEM ENTRY
Main entry heading Economic and Political Weekly
909 ## -
-- 59580
Holdings
Withdrawn status Lost status Damaged status Not for loan Permanent Location Current Location Date acquired Serial Enumeration / chronology Barcode Date last seen Price effective from Koha item type
        Indian Institute of Public Administration Indian Institute of Public Administration 2018-07-19 Volume no: 39, Issue no: 7 AR60025 2018-07-19 2018-07-19 Articles

Powered by Koha